Score 0/27 Timer 03:00
0 Plays Today
% Correct
Fred Weasley
87.9%
Moaning Myrtle
85.6%
Nymphadora Tonks
84.5%
Bellatrix Lestrange
84.1%
Lily Potter
83.9%
Remus Lupin
83.7%
James Potter
83.3%
Alastor Moody
82.3%
Colin Creevey
82%
Tom Riddle Sr.
81.4%
Lord Voldemort
79.5%
Albus Dumbledore
79.3%
Hedwig
77.7%
Sirius Black
77.4%
% Correct
Mary Riddle
76.2%
Bathilda Bagshot
75.4%
Severus Snape
74.1%
Dobby
74.1%
Thomas Riddle
73.5%
Nagini
72.4%
Vincent Crabbe
70.4%
Frank Bryce
69.7%
Merope Gaunt
57.6%
Charity Burbage
55.1%
Gibbon
54.3%
Cedric Diggory
54.1%
Peter Pettigrew
53.2%
Remove Ads.
Support Sporcle.
Get the best of Sporcle when you Go Orange. This ad-free experience offers more features, more stats, and more fun while also helping to support Sporcle. Thank you for becoming a member.

You're not logged in!

Compare scores with friends on all Sporcle quizzes.
OR
Log In

Show Comments

Extras

Top Quizzes Today


Score Distribution

Your Account Isn't Verified!

In order to create a playlist on Sporcle, you need to verify the email address you used during registration. Go to your Sporcle Settings to finish the process.

Report this User

Report this user for behavior that violates our Community Guidelines.

Details: